000 01391nam0a2200337 4500
001 RU\NLR\b_ik\199450
005 20260406074503.0
010 _a978-5-91657-560-6
_91000
021 _aRU
_b2013-957
_965
035 _a(NLR Aleph) 009995305
090 _a9757495
_c9757495
100 _a20130201d2013 |||y0rusy50 ca
101 1 _aeng
_crus
102 _aRU
105 _aa |||||||||
200 1 _aTime drive
_dТайм-драйв
_ehow to have time to live and to work
_e[translated from Russian]
_fGleb Arhangelsky
_zrus
210 _aMoscow
_cMann, Ivanov & Ferber
_d2013
215 _a162 с.
_cил.
_d22
510 0 _6z45790
_aТайм-драйв
_zrus
541 0 _aУправление временем
_eКак распределить время в жизни и на работе
_zrus
606 1 _aБюджет времени
_xУправление
_xСоциально-психологические исследования
_92072830
_3RU\NLR\AUTH\661247685
686 _aС550.45
686 _aЮ935.113.921
700 1 _aArchangel'skij
_bG. A.
_f1979-
_gGleb Alekseevič
_4070
790 1 _4070
_8rus
_7ca
_aАрхангельский
_bГ. А.
_cканд. экон. наук
_f1979-
_gГлеб Алексеевич
_3RU\NLR\auth\7734860
_917859
801 0 _aRU
_bNLR
_c20130201
_gRCR
801 1 _aRU
_bNLR
_c20130201
942 _cBOOK
980 _aNB